书目信息 |
| 题名: |
Java语言程序设计
|
|
| 作者: | 殷兆麟 主编 | |
| 分册: | ||
| 出版信息: | 北京 高等教育出版社 2002.12 |
|
| 页数: | 349页 | |
| 开本: | 26cm | |
| 丛书名: | 面向对象程序设计系列教材 | |
| 单 册: | ||
| 中图分类: | TP312JAv4 , TP312JA | |
| 科图分类: | ||
| 主题词: | JAVA语言--程序设计 , 程序设计 , 软件 | |
| 电子资源: | ||
| ISBN: | 7-04-011551-4 | |
| 000 | 00850nam2 2200265 45 | |
| 005 | 20050330113211.25 | |
| 010 | @a7-04-011551-4@dCNY 26.20 | |
| 100 | @a20021224e2002 ekmy0chiy0121 ea | |
| 101 | 0 | @achi@aeng |
| 102 | @aCN@b110000 | |
| 105 | @aa z 000yy | |
| 200 | 1 | @aJava语言程序设计@AJava yu yan cheng xu she ji@f殷兆麟主编 |
| 210 | @a北京@c高等教育出版社@d2002.12@h2003重印 | |
| 215 | @a349页@c图@d26cm | |
| 225 | 2 | @a面向对象程序设计系列教材 |
| 330 | @a本书共分12章, 包括计算机语言概述, Java开发环境基础知识, Java语言基础, Java面向对象的程序设计, 异常处理等。 | |
| 410 | 0 | @12001 @a面向对象程序设计系列教材 |
| 606 | 0 | @aJAVA语言@x程序设计 |
| 606 | 0 | @a程序设计 |
| 606 | 0 | @a软件 |
| 690 | @aTP312JAv4 | |
| 690 | 1 | @aTP312JA@v4 |
| 701 | 0 | @a殷兆麟@Ayin zhao lin@4主编 |
| 801 | 0 | @aCN@bQSSK3@c20050330 |
| 905 | @dTP312JA@eY586 | |
| Java语言程序设计/殷兆麟主编.-北京:高等教育出版社,2002.12(2003重印) |
| 349页:图;26cm.-(面向对象程序设计系列教材) |
| ISBN 7-04-011551-4:CNY 26.20 |
| 本书共分12章, 包括计算机语言概述, Java开发环境基础知识, Java语言基础, Java面向对象的程序设计, 异常处理等。 |
| ● |
| 相关链接 |
|
|
|
正题名:Java语言程序设计
索取号:TP312JA/Y586
 
预约/预借
| 序号 | 登录号 | 条形码 | 馆藏地/架位号 | 状态 | 备注 |
| 1 | 387319 | 203873193 | 自科二线504/504自科库 16排2列6层/ [索取号:TP312JA/Y586] | 在馆 | |
| 2 | 387320 | 203873200 | 自科库301/301自科库 85排2列1层/ [索取号:TP312JA/Y586] | 在馆 | |
| 3 | 387321 | 203873219 | 自科二线504/504自科库 4排2列1层/ [索取号:TP312JA/Y586] | 在馆 | |
| 4 | 440105 | 204401058 | 自科二线404/301自科库 80排1列2层/ [索取号:TP312JA/Y586] | 在馆 | |
| 5 | 440106 | 204401067 | 自科二线504/504自科库 4排2列1层/ [索取号:TP312JA/Y586] | 在馆 | |
| 6 | 440107 | 204401076 | 自科库301/301自科库 85排2列1层/ [索取号:TP312JA/Y586] | 在馆 |